| 000 | 00548nam a22001817a 4500 | ||
|---|---|---|---|
| 999 |
_c7143 _d7143 |
||
| 003 | OSt | ||
| 005 | 20240610140958.0 | ||
| 008 | 180626s2018 sp a | |||| 000 0 spa d | ||
| 020 | _a9788441540019 | ||
| 040 |
_aSpMaBN _bspa _cCDMR |
||
| 100 | 1 | _aGonzález, Phil | |
| 245 | 1 | 0 |
_aInstagram y más _b: Instagram stories, live y videos _c/ Phil González - @philgonzalez |
| 260 |
_aMadrid : _bAnaya Multimedia, _c2018 |
||
| 300 |
_a240 p. _bil. col. _c24 cm |
||
| 650 | 0 | 4 |
_aXarxes socials en línia _93128 |
| 650 | 0 | 0 |
_aInstagram _94683 |
| 942 |
_cMON _2udc |
||